Viatge a Florència, Bolònia i Torí : mercats, mercats de carrer i Slow Food (menjar bé i sa) : del 20 al 23 de novembre de 2006 mercats, mercats de carrer i Slow Food (menjar bé i sa) :
Descripción Física:
68 p. : il. col. ; 30 cm
Colección:
Dossier de retorn
MARC
| LEADER | 00000nam a2200000Ia 4500 | ||
|---|---|---|---|
| 001 | 18734 | ||
| 008 | 160829s2006 xx 000 0 cat d | ||
| 080 | |a M-5-375 | ||
| 245 | |a Viatge a Florència, Bolònia i Torí : |b mercats, mercats de carrer i Slow Food (menjar bé i sa) : |b del 20 al 23 de novembre de 2006 | ||
| 260 | |a Barcelona : |b Diputació de Barcelona. Xarxa de Mercats Municipals, |c 2006 | ||
| 300 | |a 68 p. : |b il. col. ; |c 30 cm | ||
| 490 | |a Dossier de retorn | ||
| 650 | |a Mercats |x Itàlia |9 43741 | ||
| 650 | |a Dieta |x Itàlia |9 43742 | ||
| 710 | 1 | |a Barcelona (Catalunya : Província). |b Xarxa de Mercats Municipals |9 55055 | |
| 901 | |a Arxiu | ||
| 942 | |n 1 | ||
| 952 | |0 0 |1 0 |4 0 |6 M5375 |7 1 |9 51603 |a Arxiu |b Arxiu |d 2016-12-01 |l 0 |o M-5-375 |p 18734 |r 2016-12-01 00:00:00 |w 2016-12-01 |y ARXIU | ||
| 999 | |c 55448 |d 55448 | ||